000
00371nam a2200145Ia 4500
008
100122s9999 xx 000 0 und d
082
_b
29968
_a
828
100
_a
पारगांवकर वि शं
245
_a
सय
260
_b
अस्मिता प्रकाशन
_c
1905
300
_a
112
630
_a
सय
730
_a
सय
942
_c
BOOK
999
_c
415025
_d
415022